000 00381nam a2200145Ia 4500
008 230917s9999||||xx |||||||||||||| ||und||
040 _e169759
_aMAIN
041 _aEnglish
082 _a891.432741 MM261J
100 _aमदन मोहन
245 0 _aजानवर
260 _aदिल्ली
_bसीमान्त
_c1982
300 _a96 पृ. p.
942 _cHN
999 _c227137
_d227137